000 01605cam a22002054a 4500
005 20250605163943.0
008 250528s ||||||||||||||||||||||||d
035 _a15102
020 _a395893518
040 _aGR-AtMCL
_bgre
_dGR-AtMCL
_eAACR2
245 1 _aManagement / Sixth Edition
250 _a6th
260 _bHoughton Mifflin Company,
_c1999
300 _a754
520 _aIn business, value is what you get for your money - and real value means a readable, up-to-date textbook with great Web supplements. An Introduction to Management, Managing and the Manager's Job, Traditional and Contemporary Issues and Challenges, The Environmental Context of Management, The Environment of Organizations and Managers, The Ethical and Social Environment, The Global Environment, The Cultural and Multicultural Environment, Planning and Decision Making, Basic Elements of Planning and Decision Making, Managing Strategy and Strategic Planning, Managing Decision Making and Problem Solving, Managing Entrepreneurship and New Venture Formation, The Organizing Process, Basic Elements of Organizing, Managing Organization Design, Managing Organization Change and Innovation, Managing Human Resources in Organizations, The Leading Process, Basic Elements of Individual Behavior in Organizations, Managing Employee Motivation and Performance, Managing Leadership and Influence Processes, Managing Interpersonal Relations and Communication, The Controlling Process, Basic Elements of Control, End-of-Part Video Cases.
700 1 _aGriffin W. Ricky
_9949
942 _cBK
999 _c699
_d699